Para una sociolingüística del cercano oriente /
Contiene: Sociolingüística diacrónica del hebreo; Onomástica personal y sociedad hebrea; Traducción y transculturación bíblica; Control social y renacimiento lingüístico hebreo; Sociolingüística del judeo-español; Mantenimiento y desplazamiento idiomáticos en Israel; Formas de razonamiento y modos d...
Na minha lista:
| Autor principal: | |
|---|---|
| Formato: | Livro |
| Idioma: | espanhol |
| Assuntos: | |
| Tags: |
Sem tags, seja o primeiro a adicionar uma tag!
|
MARC
| LEADER | 00000nam^a2200000^a^4500 | ||
|---|---|---|---|
| 001 | 000158431 | ||
| 005 | 20250521000000.0 | ||
| 009 | 20260310100613.703 | ||
| 037 | |a Acervo ITESO - Biblioteca | ||
| 041 | |a ESP | ||
| 082 | |a 306. 44089 |b URI | ||
| 100 | |a Uribe Villegas, Oscar |e (autor) | ||
| 245 | 1 | 0 | |a Para una sociolingüística del cercano oriente / |c O. Uribe Villegas. |
| 264 | |a México : |b Instituto Mexicano de Cultura / |c 1978 | ||
| 300 | |a 102 p. | ||
| 336 | |a texto |b txt |2 rdacontenido | ||
| 337 | |a sin mediación |b n |2 rdamedio | ||
| 338 | |a volumen |b nc |2 rdasoporte | ||
| 520 | |a Contiene: Sociolingüística diacrónica del hebreo; Onomástica personal y sociedad hebrea; Traducción y transculturación bíblica; Control social y renacimiento lingüístico hebreo; Sociolingüística del judeo-español; Mantenimiento y desplazamiento idiomáticos en Israel; Formas de razonamiento y modos de expresión en árabe; sociolingüística histórica de Irán; Los préstmos, como índice cultural, en persa; Influencia árabe en persa; Influencias occidentales en persa; La revolución política, social y lingüística en Turquía; el problema armenio de acuerdo con los planteamientos turcos. | ||
| 649 | |a XX | ||
| 650 | |a Hebreo | ||
| 650 | |a Hebreo en España - |x Historia | ||
| 650 | |a Hebreo en Israel | ||
| 650 | |a Arabe | ||
| 650 | |a Lenguas Semíticas | ||
| 650 | |a Lenguas Camitosemíticas | ||
| 650 | |a Farsi | ||
| 650 | |a Lenguas Iranias | ||
| 650 | |a Lenguas Indoiranias | ||
| 650 | |a Ideología | ||
| 650 | |a Aculturación - |z Turquía | ||
| 650 | |a Cambios Sociales y Culturales - |z Turquía | ||
| 650 | |a Lenguaje y Pensamiento | ||
| 650 | |a Lingüística Diacrónica | ||
| 650 | |a Sociolingüística | ||
| 910 | |a Fondo Salvador Reynoso Reynoso | ||
| 920 | |a Impresos - Libros | ||
| 930 | |a Fondos Especiales | ||
| 905 | |a 112 | ||
| 901 | |a 0800016459 |b IT2 |c ESP |u 20250521 | ||
| 902 | |a https://opac.biblio.iteso.mx/vufind/Record/000158431 | ||